Word Ladder: The Jungle Book Quiz Stats

 Plays Quiz Updated Jul 17, 2018

Challenge
Share
Tweet
Embed
Score 0/39 Timer 05:00
0 Plays Today
Clue 4-Letter Word % Correct
'The Simpsons' sonBART
98.8%
♫ Look for the ___ necessities
The simple ___ necessities ♫
♫BARE♫
98.2%
Yellow portion of an eggYOLK
97.8%
Meat from a pigPORK
97.5%

♫ Forget about ___ worries and ___ strife ♫
♫YOUR♫
96.6%
Ships’ docking placePORT
96.5%
SegmentPART
96.5%
James Bond actor, _____ ConnerySEAN
95.8%
Acidic taste, like lemonsSOUR
95.8%
U.S. President James K.POLK
95.7%
Fly highSOAR
95%
Place to find coalMINE
93.9%
♫ That brings the [First Rung] necessities of ___
♫LIFE♫
93.7%
Burn slightlySEAR
92.6%
QueueLINE
92.2%
♫ When you ___ under the rocks and plants ♫♫LOOK♫.
92.2%
Brain, intellectMIND
91.8%
Door fastenerLOCK
91.7%
Inland body of waterLAKE
91.6%
Shoe stringLACE
91.3%
Clue 4-Letter Word % Correct
RepairMEND
91.2%
Chimney depositSOOT
90.4%
DeficiencyLACK
90.2%
Former BoSox player Kevin, for shortYOUK
89.8%
♫ And ___ a glance at the fancy ants
Then maybe try a few ♫
♫TAKE♫
89.8%
♫ The bees are buzzin’ in the tree
To make ___ honey just for me ♫
♫SOME♫
89.4%
♫ Wherever I wander, wherever I roam
I couldn’t be fonder of my big ___
♫HOME♫
89.4%
♫ I ____ the [First Rung] necessities
Old Mother Nature’s recipes ♫

♫MEAN♫
88.7%
PainfulSORE
88.6%
Ready to be harvestedRIPE
88.5%
ClassifySORT
88.4%
Alcoholic honey drinkMEAD
88.2%
PlunderLOOT
87.8%
Thick heavy cordROPE
87.7%
DomesticatedTAME
87.3%
ExpectHOPE
85.3%
Teeming withRIFE
85.2%
♫ The [First Rung] necessities of life will ___ to you
They’ll ______ to you! ♫
♫COME♫
84.8%
Thick, heavy bookTOME
84.7%

Today's Daily Dose

You're not logged in!

Compare scores with friends on all Sporcle quizzes.
Join for Free
OR
Log In

You Might Also Like...

Show Comments

Extras

Top Quizzes Today


Score Distribution

Your Account Isn't Verified!

In order to create a playlist on Sporcle, you need to verify the email address you used during registration. Go to your Sporcle Settings to finish the process.

Report this User

Report this user for behavior that violates our Community Guidelines.

Details: